[Event "WchT Blitz Pool C"]
[Site "London"]
[Date "2025.06.14"]
[Round "3.3"]
[White "Haydon, David Leslie"]
[Black "Kollars, Dmitrij"]
[Result "0-1"]
[WhiteElo "2284"]
[BlackElo "2633"]
[PlyCount "86"]
[EventDate "2025.06.14"]
[EventType "team-tourn"]
[EventRounds "13"]
[EventCountry "ENG"]
[SourceTitle "CB25_2025"]
[SourceDate "2025.06.18"]
[SourceVersion "1"]
[SourceVersionDate "2025.06.18"]
[SourceQuality "1"]
[WhiteTeam "Wood Green Youth"]
[BlackTeam "Germany and Friends"]
[WhiteTeamCountry "ENG"]
[BlackTeamCountry "GER"]

1. Nf3 d5 2. e3 Nf6 3. c4 e6 4. b3 b6 5. Bb2 Bd6 6. Be2 Nbd7 7. d4 0-0 8. Qc1 Bb7 9. Ba3 c5 10. Nc3 Rc8 11. dxc5 Nxc5 12. 0-0 dxc4 13. bxc4 Qe7 14. Rd1 Rfd8 15. Nb5 Bb8 16. Bb2 Nfe4 17. Rxd8+ Rxd8 18. Qc2 Ng5 19. Rd1 Nxf3+ 20. Bxf3 Bxf3 21. Rxd8+ Qxd8 22. gxf3 Qg5+ 23. Kh1 Qh5 24. f4 Qf3+ 25. Kg1 h5 26. Nd4 Qg4+ 27. Kh1 e5 28. fxe5 Bxe5 29. f4 Bf6 30. Bc3 h4 31. Qe2 Qh3 32. Nb5 Ne4 33. Be1 Qd7 34. Qg2 Qd3 35. Qf3 Qb1 36. Qe2 h3 37. Kg1 Bh4 38. Kf1 Bxe1 39. Qxe1 Qxa2 40. Qh4 Qg2+ 41. Ke1 Qd2+ 42. Kf1 Qd1+ 43. Qe1 Qf3+ 0-1

[Event "WchT Blitz Pool C"]
[Site "London"]
[Date "2025.06.14"]
[Round "12.4"]
[White "Kollars, Dmitrij"]
[Black "Vokhidov, Shamsiddin"]
[Result "1/2-1/2"]
[WhiteElo "2633"]
[BlackElo "2644"]
[PlyCount "91"]
[EventDate "2025.06.14"]
[EventType "team-tourn"]
[EventRounds "13"]
[EventCountry "ENG"]
[SourceTitle "CB25_2025"]
[SourceDate "2025.06.18"]
[SourceVersion "1"]
[SourceVersionDate "2025.06.18"]
[SourceQuality "1"]
[WhiteTeam "Germany and Friends"]
[BlackTeam "Uzbekistan"]
[WhiteTeamCountry "GER"]
[BlackTeamCountry "UZB"]

1. e4 c5 2. Nf3 e6 3. d4 cxd4 4. Nxd4 Nc6 5. Nc3 Qc7 6. Be3 a6 7. a3 Nxd4 8. Qxd4 b5 9. Be2 Bb7 10. 0-0 Bd6 11. f4 e5 12. Qd2 exf4 13. Bxf4 Bxf4 14. Rxf4 Ne7 15. Rd1 0-0 16. Qd6 Rac8 17. Rf2 Qxd6 18. Rxd6 Rfd8 19. Bg4 Rc7 20. Rfd2 Bc6 21. e5 Nc8 22. R6d4 g6 23. e6 f5 24. Bf3 Ne7 25. Bxc6 Nxc6 26. Rxd7 Rcxd7 27. Rxd7 Rxd7 28. exd7 Kf7 29. a4 bxa4 30. Nxa4 Ke7 31. Nc5 a5 32. c3 Kd6 33. b4 axb4 34. cxb4 Kc7 35. b5 Nd8 36. Na4 Kxd7 37. Kf2 Kd6 38. Ke3 Ne6 39. g3 g5 40. Kd3 Nc5+ 41. Nxc5 Kxc5 42. b6 Kxb6 43. Kd4 Kc6 44. Ke5 f4 45. gxf4 gxf4 46. Kxf4 1/2-1/2

[Event "WchT Blitz Pool C"]
[Site "London"]
[Date "2025.06.14"]
[Round "9.3"]
[White "Sason, Noam"]
[Black "Kollars, Dmitrij"]
[Result "0-1"]
[WhiteElo "2153"]
[BlackElo "2633"]
[PlyCount "79"]
[EventDate "2025.06.14"]
[EventType "team-tourn"]
[EventRounds "13"]
[EventCountry "ENG"]
[SourceTitle "CB25_2025"]
[SourceDate "2025.06.18"]
[SourceVersion "1"]
[SourceVersionDate "2025.06.18"]
[SourceQuality "1"]
[WhiteTeam "OlalaStars"]
[BlackTeam "Germany and Friends"]
[WhiteTeamCountry "EST"]
[BlackTeamCountry "GER"]

1. Nf3 d5 2. g3 g6 3. Bg2 Bg7 4. 0-0 e5 5. d3 Nc6 6. e4 dxe4 7. dxe4 Qxd1 8. Rxd1 Bg4 9. c3 Nf6 10. h3 Be6 11. Re1 0-0-0 12. Ng5 Rhe8 13. Nxe6 Rxe6 14. Na3 Bf8 15. Nc4 Nd7 16. b4 Nb6 17. Ne3 Bh6 18. Nd5 Bxc1 19. Raxc1 Ne7 20. c4 c6 21. h4 Kb8 22. Ne3 f5 23. c5 Na4 24. Bh3 Rf6 25. Nc4 fxe4 26. Nxe5 Kc7 27. Rxe4 Nd5 28. Ng4 Rf7 29. Rce1 Nac3 30. Re6 Nxb4 31. Ne5 Rg7 32. Nc4 Ncd5 33. Re8 Nd3 34. Rxd8 Kxd8 35. Re2 Nxc5 36. Nd6 b5 37. Re8+ Kc7 38. Ne4 Nxe4 39. Rxe4 Re7 40. Rxe7+ 0-1

[Event "WchT Rapid"]
[Site "London"]
[Date "2025.06.12"]
[Round "5.4"]
[White "Camacho Collados, Marcos"]
[Black "Kollars, Dmitrij"]
[Result "0-1"]
[WhiteElo "2365"]
[BlackElo "2553"]
[PlyCount "74"]
[EventDate "2025.06.11"]
[EventType "team-swiss"]
[EventRounds "12"]
[EventCountry "ENG"]
[SourceTitle "CB25_2025"]
[SourceDate "2025.06.18"]
[SourceVersion "1"]
[SourceVersionDate "2025.06.18"]
[SourceQuality "1"]
[WhiteTeam "Duobeniajan Costa Calida"]
[BlackTeam "Germany and Friends"]
[WhiteTeamCountry "ESP"]
[BlackTeamCountry "GER"]

1. Nf3 d5 2. g3 Nd7 3. d4 Nb6 4. a4 a5 5. Nc3 Bf5 6. Nh4 Bg4 7. h3 Bh5 8. Qd3 e6 9. e4 Nf6 10. e5 Nfd7 11. Be2 Bxe2 12. Qxe2 Be7 13. Qg4 g6 14. Bh6 Nc4 15. b3 Bb4 16. Qf3 Ncxe5 17. dxe5 g5 18. 0-0-0 Bxc3 19. Nf5 Bxe5 20. Rhe1 Rg8 21. Rxd5 exd5 22. Bg7 Rxg7 23. Nxg7+ Ke7 24. Qxd5 Kf8 25. Nf5 c6 26. Qd3 Qc7 27. Rd1 Nc5 28. Qe2 Ne6 29. Qh5 Bg7 30. Re1 Rd8 31. Qxh7 Qd7 32. Nxg7 Qd2+ 33. Kb2 Qd4+ 34. Ka2 Qxg7 35. Qf5 Rd5 36. Qf3 Qg6 37. Kb1 Qxc2+ 0-1

[Event "WchT Rapid"]
[Site "London"]
[Date "2025.06.12"]
[Round "8.4"]
[White "Kollars, Dmitrij"]
[Black "Saric, Ivan"]
[Result "1/2-1/2"]
[WhiteElo "2553"]
[BlackElo "2597"]
[PlyCount "105"]
[EventDate "2025.06.11"]
[EventType "team-swiss"]
[EventRounds "12"]
[EventCountry "ENG"]
[SourceTitle "CB25_2025"]
[SourceDate "2025.06.18"]
[SourceVersion "1"]
[SourceVersionDate "2025.06.18"]
[SourceQuality "1"]
[WhiteTeam "Germany and Friends"]
[BlackTeam "Malcolm's Mates"]
[WhiteTeamCountry "GER"]
[BlackTeamCountry "ENG"]

1. e4 c5 2. Nf3 Nc6 3. Bb5 g6 4. Bxc6 dxc6 5. d3 Qc7 6. Nc3 e5 7. 0-0 f6 8. a4 a5 9. Be3 Nh6 10. h3 Nf7 11. Nd2 Be6 12. Ne2 0-0-0 13. Qe1 g5 14. b3 b6 15. Nc4 Nd6 16. Ng3 h5 17. Qe2 h4 18. Nxd6+ Bxd6 19. Nf5 Qd7 20. Nxd6+ Qxd6 21. f3 Kb7 22. Qf2 Ra8 23. Rab1 Rhd8 24. Rfd1 Qe7 25. Rd2 Rd7 26. Kh1 Qd8 27. Qe2 Qe7 28. Qe1 Qd8 29. Qd1 Qe7 30. Qg1 Qd8 31. Rdd1 Qe7 32. Rb2 Qd8 33. Ra1 Ra6 34. Qf2 Qe7 35. Qe2 Qd8 36. Rd1 Ra8 37. Rd2 Qe7 38. Qf1 Qd8 39. Qb1 Qe7 40. Kh2 Rad8 41. Qe1 Ra8 42. Bf2 Qd8 43. Qe3 Qe7 44. Rd1 Ra6 45. Rdb1 Qd8 46. Rd1 Qe7 47. Rd2 Ra8 48. Rb1 Qd8 49. c3 Qc7 50. Kg1 Qd8 51. Rbb2 Qc7 52. Kh1 Qd8 53. Rb1 1/2-1/2

[Event "Titled Tuesday intern op 20th May Late"]
[Site "Chess.com INT"]
[Date "2025.05.20"]
[Round "10"]
[White "Kollars, Dmitrij"]
[Black "Abdurakhmanov, Mukhmmadali"]
[Result "1-0"]
[WhiteElo "2625"]
[BlackElo "2368"]
[PlyCount "115"]
[EventDate "2025.05.20"]
[EventType "swiss (blitz)"]
[EventRounds "11"]
[EventCountry "USA"]
[SourceTitle "CB22_2025"]
[SourceDate "2025.05.28"]
[SourceVersion "1"]
[SourceVersionDate "2025.05.28"]
[SourceQuality "1"]

1. b3 g6 2. Bb2 Nf6 3. g4 Bg7 4. g5 Nh5 5. Bxg7 Nxg7 6. d4 h6 7. gxh6 Rxh6 8. Qd2 Rh8 9. Nc3 d5 10. 0-0-0 c6 11. Nf3 Nd7 12. h4 Nf6 13. Ne5 Bf5 14. f3 Qa5 15. Kb2 Be6 16. e4 0-0-0 17. Nxd5 Qxd2 18. Nxe7+ Kc7 19. Rxd2 Rhe8 20. N7xg6 fxg6 21. Rg1 Ngh5 22. Rxg6 Rg8 23. Rh6 Rh8 24. Rxh8 Rxh8 25. c4 Nf4 26. d5 Bd7 27. Nd3 Nxd3+ 28. Bxd3 Rxh4 29. e5 Nh5 30. Bc2 cxd5 31. cxd5 Nf4 32. e6 Nxe6 33. dxe6 Bxe6 34. Be4 Rf4 35. Rh2 Bf5 36. Bd5 b5 37. Rd2 b4 38. Ba8 Rh4 39. a3 Be6 40. Be4 bxa3+ 41. Kxa3 Bd7 42. Rg2 Rh5 43. Rg7 Kd6 44. Rg6+ Kc7 45. Ra6 Kb8 46. Kb4 Rb5+ 47. Kc3 Rc5+ 48. Kd4 Rb5 49. Bd5 Rb4+ 50. Bc4 Rb6 51. Rxb6+ axb6 52. Ke5 Kc7 53. Kf6 Kd6 54. f4 Kc5 55. Be6 Bc6 56. Ke7 Kd4 57. f5 Kc3 58. f6 1-0

[Event "Titled Tuesday intern op 20th May Late"]
[Site "Chess.com INT"]
[Date "2025.05.20"]
[Round "2"]
[White "Mammadov, Sadig Teymur"]
[Black "Kollars, Dmitrij"]
[Result "0-1"]
[WhiteElo "2395"]
[BlackElo "2625"]
[PlyCount "76"]
[EventDate "2025.05.20"]
[EventType "swiss (blitz)"]
[EventRounds "11"]
[EventCountry "USA"]
[SourceTitle "CB22_2025"]
[SourceDate "2025.05.28"]
[SourceVersion "1"]
[SourceVersionDate "2025.05.28"]
[SourceQuality "1"]

1. d4 Nf6 2. c4 e6 3. Nc3 d5 4. cxd5 exd5 5. Bg5 Be7 6. e3 h6 7. Bh4 Bg4 8. Qc2 0-0 9. Bd3 c5 10. Nge2 Nc6 11. 0-0 c4 12. Bf5 Nb4 13. Qb1 Bxf5 14. Qxf5 g6 15. Qf3 g5 16. Bg3 Qd7 17. e4 dxe4 18. Nxe4 Nxe4 19. Qxe4 f5 20. Qb1 Nd3 21. Be5 Rac8 22. Nc3 b5 23. a3 a6 24. Rd1 Rfd8 25. Qa2 Nxe5 26. dxe5 Qe6 27. Rac1 Bc5 28. a4 b4 29. Ne2 b3 30. Qb1 Qxe5 31. Ng3 Qf4 32. Rf1 Rd2 33. Nxf5 Rxf2 34. Kh1 Qxf5 35. Qxf5 Rxf5 36. Rxf5 Bd4 37. Rd1 Bxb2 38. Rd7 c3 0-1

[Event "Titled Tuesday intern op 06th May Early"]
[Site "Chess.com INT"]
[Date "2025.05.06"]
[Round "3"]
[White "Kollars, Dmitrij"]
[Black "Sharapov, Evgeny"]
[Result "1-0"]
[WhiteElo "2625"]
[BlackElo "2375"]
[PlyCount "137"]
[EventDate "2025.05.06"]
[EventType "swiss (blitz)"]
[EventRounds "11"]
[EventCountry "USA"]
[SourceTitle "CB20_2025"]
[SourceDate "2025.05.14"]
[SourceVersion "1"]
[SourceVersionDate "2025.05.14"]
[SourceQuality "1"]

1. e4 c5 2. Nf3 d6 3. d4 cxd4 4. Nxd4 Nf6 5. Nc3 Nc6 6. Nd5 Nxd5 7. exd5 Qa5+ 8. Bd2 Qxd5 9. Nb5 Qe6+ 10. Be2 Qd7 11. c4 a6 12. Nc3 e6 13. 0-0 Be7 14. Be3 0-0 15. Na4 Qc7 16. Nb6 Rb8 17. Qd2 Ne5 18. a4 Nd7 19. a5 Nxb6 20. Bxb6 Qd7 21. Rfd1 d5 22. Bf3 Bf6 23. cxd5 exd5 24. Bxd5 Qf5 25. Ra3 Be6 26. Rd3 Bxd5 27. Rxd5 Qe6 28. Rd6 Qf5 29. Rd5 Qe6 30. b4 Rbc8 31. g3 h6 32. h4 Rfe8 33. Qf4 Be5 34. Qf3 Rc3 35. R5d3 Rxd3 36. Rxd3 Qc6 37. Qxc6 bxc6 38. Rd7 Bc3 39. Bc5 Rb8 40. Rd3 Bxb4 41. Bb6 c5 42. Kf1 Rc8 43. Rb3 f5 44. Ke2 Kf7 45. Rf3 g6 46. h5 c4 47. Kd1 c3 48. Kc2 Rc4 49. hxg6+ Kxg6 50. Re3 f4 51. gxf4 Rxf4 52. Kb3 Bf8 53. Rxc3 Rb4+ 54. Kc2 Rb5 55. Rc6+ Kh5 56. Kd3 Bb4 57. f3 Bxa5 58. Be3 Kh4 59. Rxh6+ Kg3 60. Rxa6 Kxf3 61. Rf6+ Kg4 62. Rf4+ Kh5 63. Rf7 Kg6 64. Ra7 Rf5 65. Ke4 Rh5 66. Ra6+ Kf7 67. Bf4 Bd8 68. Ra7+ Be7 69. Bd6 1-0

[Event "EU-ch 25th"]
[Site "Eforie Nord"]
[Date "2025.03.23"]
[Round "8"]
[White "Noy, Eyal"]
[Black "Kollars, Dmitrij"]
[Result "1-0"]
[WhiteElo "2337"]
[BlackElo "2649"]
[PlyCount "55"]
[EventDate "2025.03.15"]
[EventType "swiss"]
[EventRounds "11"]
[EventCountry "ROU"]
[SourceTitle "CB13_2025"]
[SourceDate "2025.03.26"]
[SourceVersion "1"]
[SourceVersionDate "2025.03.26"]
[SourceQuality "1"]

1. d4 Nf6 2. c4 e6 3. Nf3 d5 4. g3 Bb4+ 5. Bd2 Bd6 6. Bg2 0-0 7. Qc2 c6 8. 0-0 Nbd7 9. Rd1 Qe7 10. Bg5 h6 11. Bxf6 Nxf6 12. Nbd2 b6 13. e4 dxe4 14. Nxe4 Nxe4 15. Qxe4 Bb7 16. Ne5 Rac8 17. c5 Bb8 18. Rac1 Rfd8 19. b4 f6 20. Nc4 bxc5 21. bxc5 Ba6 22. Na5 Bb5 23. Bh3 Kf7 24. a4 Bc7 25. Nb7 f5 26. Bxf5 Qf6 27. axb5 exf5 28. Qxc6 1-0

[Event "EU-ch 25th"]
[Site "Eforie Nord"]
[Date "2025.03.17"]
[Round "3"]
[White "Kollars, Dmitrij"]
[Black "Gokerkan, Cem Kaan"]
[Result "1-0"]
[WhiteElo "2649"]
[BlackElo "2473"]
[PlyCount "147"]
[EventDate "2025.03.15"]
[EventType "swiss"]
[EventRounds "11"]
[EventCountry "ROU"]
[SourceTitle "CB13_2025"]
[SourceDate "2025.03.26"]
[SourceVersion "1"]
[SourceVersionDate "2025.03.26"]
[SourceQuality "1"]

1. e4 e5 2. Nf3 Nf6 3. Nxe5 d6 4. Nf3 Nxe4 5. d3 Nf6 6. d4 d5 7. Bd3 Bd6 8. Qe2+ Be7 9. 0-0 0-0 10. Re1 Bd6 11. Bg5 h6 12. Bh4 g5 13. Bg3 Re8 14. Qf1 Rxe1 15. Qxe1 Nc6 16. c3 Nh5 17. Nbd2 Nf4 18. Bc2 Qf6 19. Qf1 Bf5 20. Bxf5 Qxf5 21. Qb5 Rb8 22. Bxf4 Bxf4 23. Nf1 a6 24. Qe2 g4 25. Ne1 Kf8 26. Nd3 Re8 27. Qd1 Bg5 28. Ng3 Qg6 29. Nc5 h5 30. b3 b6 31. Nxa6 Bf4 32. Nf1 h4 33. g3 Bd6 34. a3 Qe4 35. gxh4 Ne7 36. Ng3 Qe6 37. Qd2 Ng6 38. Qh6+ Kg8 39. Nb4 Nf4 40. Qxe6 fxe6 41. Nc6 Rf8 42. Ra2 Nh3+ 43. Kf1 Rf3 44. Rc2 Rd3 45. Ke1 Nf4 46. Nb4 Bxb4 47. axb4 Ng2+ 48. Kf1 Nf4 49. Rc1 Rd2 50. Re1 Rc2 51. Ne2 Ng6 52. h5 Nh4 53. Rc1 Rb2 54. Nf4 Nf3 55. Nxe6 Nd2+ 56. Kg2 Ne4 57. Nxc7 Rxf2+ 58. Kg1 Rb2 59. Nxd5 Kg7 60. Ne3 Kh6 61. Nxg4+ Kxh5 62. Ne3 Rxb3 63. Nd1 Ra3 64. Kg2 Kg5 65. Kf3 Nd6 66. Rc2 Nb5 67. Ke4 Kf6 68. Ne3 Ke6 69. Kd3 Ra1 70. Rg2 Ra3 71. Rg6+ Kf7 72. Rxb6 Nxc3 73. Rb7+ Ke6 74. Nc2 1-0

[Event "Titled Tuesday intern op 11th Mar Late"]
[Site "Chess.com INT"]
[Date "2025.03.11"]
[Round "1"]
[White "Kollars, Dmitrij"]
[Black "Breuil, Virgile"]
[Result "1-0"]
[WhiteElo "2649"]
[BlackElo "2168"]
[PlyCount "104"]
[EventDate "2025.03.11"]
[EventType "swiss (blitz)"]
[EventRounds "11"]
[EventCountry "USA"]
[SourceTitle "CB12_2025"]
[SourceDate "2025.03.19"]
[SourceVersion "1"]
[SourceVersionDate "2025.03.19"]
[SourceQuality "1"]

1. d4 d5 2. Nf3 Nf6 3. c3 g6 4. Bf4 Bg7 5. e3 0-0 6. Nbd2 c5 7. Be2 Nc6 8. h3 b6 9. 0-0 Bb7 10. a4 Re8 11. Ne5 Nd7 12. Ndf3 Ndxe5 13. dxe5 e6 14. Bb5 a6 15. Bxc6 Bxc6 16. Qb3 d4 17. cxd4 Bxf3 18. gxf3 cxd4 19. Rad1 Qh4 20. Rxd4 Qxh3 21. Bg3 Rab8 22. Qd3 b5 23. a5 Qh5 24. Qe4 Qf5 25. Qxf5 gxf5 26. Rd6 Ra8 27. Rc1 Bf8 28. Rd7 Rec8 29. Rcd1 Bb4 30. Bh4 Bxa5 31. Kh2 Kf8 32. Be7+ Ke8 33. Bf6 Bd8 34. b4 Bxf6 35. exf6 Rd8 36. Re7+ Kf8 37. Rc1 Re8 38. Rb7 Rac8 39. Rxc8 Rxc8 40. Kg3 Ke8 41. Kf4 Rc4+ 42. Ke5 Rc6 43. Rb8+ Kd7 44. Rf8 a5 45. bxa5 Rc5+ 46. Kf4 b4 47. Rxf7+ Kd6 48. a6 b3 49. Rb7 Ra5 50. f7 e5+ 51. Kg3 Rxa6 52. f8Q+ Kc6 1-0

[Event "Titled Tuesday intern op 11th Mar Late"]
[Site "Chess.com INT"]
[Date "2025.03.11"]
[Round "7"]
[White "Kollars, Dmitrij"]
[Black "Sarana, Alexey"]
[Result "1/2-1/2"]
[WhiteElo "2649"]
[BlackElo "2689"]
[PlyCount "119"]
[EventDate "2025.03.11"]
[EventType "swiss (blitz)"]
[EventRounds "11"]
[EventCountry "USA"]
[SourceTitle "CB12_2025"]
[SourceDate "2025.03.19"]
[SourceVersion "1"]
[SourceVersionDate "2025.03.19"]
[SourceQuality "1"]

1. e4 c5 2. Nf3 d6 3. d4 cxd4 4. Nxd4 Nf6 5. Nc3 a6 6. f4 e5 7. Nb3 Qc7 8. Be2 Be7 9. 0-0 Bd7 10. fxe5 dxe5 11. Bg5 Be6 12. Bxf6 Bxf6 13. Nd5 Bxd5 14. Qxd5 0-0 15. Rad1 Nc6 16. c3 Rad8 17. Qc5 Be7 18. Qf2 Na5 19. Rxd8 Qxd8 20. Kh1 Nxb3 21. axb3 g6 22. Bc4 Kg7 23. Bd5 b6 24. b4 f5 25. Qe2 a5 26. bxa5 bxa5 27. Rd1 f4 28. Bc4 Qc7 29. Rd5 Rd8 30. g3 Rxd5 31. Bxd5 Qb6 32. Kg2 h5 33. Qd2 Bg5 34. Qf2 Qc7 35. Qe2 Kh6 36. Qb5 Bf6 37. Qa6 Kg7 38. Qe6 Qa7 39. c4 Qe7 40. c5 Qxe6 41. Bxe6 Bd8 42. c6 Kf6 43. Bd7 g5 44. Be8 h4 45. gxh4 gxh4 46. Kf3 Ke7 47. Bd7 Kd6 48. b3 Bc7 49. Be8 Bd8 50. h3 Kc5 51. Bd7 Kb4 52. Be6 Kc3 53. Bd5 Bc7 54. Be6 Kd4 55. Bd5 Kc5 56. Kg4 Bd8 57. Kf3 Kb4 58. Be6 Kc5 59. Bd5 Kb4 60. Be6 1/2-1/2

[Event "Titled Tuesday intern op 11th Feb Early"]
[Site "Chess.com INT"]
[Date "2025.02.11"]
[Round "1"]
[White "Kollars, Dmitrij"]
[Black "Kshatriya, Nitin Vekhande"]
[Result "1-0"]
[WhiteElo "2643"]
[BlackElo "2133"]
[PlyCount "61"]
[EventDate "2025.02.11"]
[EventType "swiss (blitz)"]
[EventRounds "11"]
[EventCountry "USA"]
[SourceTitle "CB08_2025"]
[SourceDate "2025.02.19"]
[SourceVersion "1"]
[SourceVersionDate "2025.02.19"]
[SourceQuality "1"]

1. c4 e5 2. Nf3 d6 3. d4 Nd7 4. Nc3 Ngf6 5. e4 g6 6. Be2 Bg7 7. 0-0 0-0 8. Be3 Ng4 9. Bg5 f6 10. Bh4 Nh6 11. Rc1 exd4 12. Nxd4 Nc5 13. Qd2 Nf7 14. f4 Re8 15. Bf3 Bd7 16. Kh1 Ne6 17. Nde2 Bc6 18. Nd5 Nc5 19. Nec3 Bxd5 20. cxd5 a5 21. Rfe1 Qd7 22. Bf2 Na6 23. g4 f5 24. gxf5 gxf5 25. Rg1 Nh6 26. Bd4 Re7 27. e5 Ng4 28. e6 Qe8 29. Bxg4 fxg4 30. Rxg4 Kh8 31. Rcg1 1-0

[Event "Titled Tuesday intern op 11th Feb Early"]
[Site "Chess.com INT"]
[Date "2025.02.11"]
[Round "3"]
[White "Kollars, Dmitrij"]
[Black "Rychkov, Oleg"]
[Result "0-1"]
[WhiteElo "2643"]
[BlackElo "2386"]
[PlyCount "118"]
[EventDate "2025.02.11"]
[EventType "swiss (blitz)"]
[EventRounds "11"]
[EventCountry "USA"]
[SourceTitle "CB08_2025"]
[SourceDate "2025.02.19"]
[SourceVersion "1"]
[SourceVersionDate "2025.02.19"]
[SourceQuality "1"]

1. d4 Nf6 2. Nf3 b5 3. e4 Nxe4 4. Bxb5 Bb7 5. 0-0 e6 6. Re1 Bd6 7. Bd3 Nf6 8. c4 0-0 9. Nc3 h6 10. Bc2 Nc6 11. a3 Re8 12. b4 e5 13. d5 Nd4 14. Nxd4 exd4 15. Rxe8+ Qxe8 16. Nb5 Bxh2+ 17. Kxh2 d3 18. Bf4 dxc2 19. Qxc2 Qe7 20. Bxc7 Ng4+ 21. Kg1 Re8 22. Qd2 a6 23. Nd6 Qe5 24. g3 Qxa1+ 25. Kg2 Re1 26. Nxb7 Rg1+ 27. Kf3 h5 28. Kf4 Qf6+ 29. Ke4 Re1+ 30. Kd3 Nxf2+ 31. Kc2 Qf5+ 32. Kb3 Qf3+ 33. Ka4 Re3 34. Qb2 Nd3 35. Qd4 Nc5+ 36. Ka5 Nxb7+ 37. Kb6 Rxa3 38. Kxb7 Rb3 39. Bd6 Rb1 40. Qc5 Qa3 41. Kc7 Qa4 42. Qb6 Rc1 43. Qc5 Qb3 44. Kxd7 Rxc4 45. Qb6 Rc3 46. Qb7 Rd3 47. Qc8+ Kh7 48. Ke7 Qxd5 49. Qd7 Re3+ 50. Kf8 Qe6 51. Qxe6 fxe6 52. Bc5 e5 53. Ke7 Rxg3 54. Ke6 Rg2 55. Kxe5 h4 56. Kf4 h3 57. Kf3 g5 58. Bd6 g4+ 59. Ke3 h2 0-1

[Event "Titled Tuesday intern op 28th Jan Early"]
[Site "Chess.com INT"]
[Date "2025.01.28"]
[Round "4"]
[White "Kollars, Dmitrij"]
[Black "Gustafsson, Jan"]
[Result "1/2-1/2"]
[WhiteElo "2642"]
[BlackElo "2598"]
[PlyCount "119"]
[EventDate "2025.01.28"]
[EventType "swiss (blitz)"]
[EventRounds "11"]
[EventCountry "USA"]
[SourceTitle "CB06_2025"]
[SourceDate "2025.02.05"]
[SourceVersion "1"]
[SourceVersionDate "2025.02.05"]
[SourceQuality "1"]

1. e4 e5 2. Nf3 Nc6 3. Bc4 Nf6 4. d3 Bc5 5. Nc3 a6 6. 0-0 d6 7. Be3 Be6 8. Bxe6 fxe6 9. Bxc5 dxc5 10. a4 Qe7 11. Nd2 0-0-0 12. Nc4 g5 13. Qc1 Rhg8 14. Ne2 h5 15. Qe3 h4 16. c3 Ng4 17. Qf3 Nf6 18. Qe3 Nh5 19. Kh1 Nf4 20. Nxf4 gxf4 21. Qf3 Rg5 22. Rg1 Rdg8 23. Qh3 Rg4 24. Rab1 a5 25. Rbd1 b6 26. Nd2 Kb7 27. Nf3 Qg7 28. Rd2 Rh8 29. Rdd1 Rh6 30. Nd2 Rg3 31. fxg3 hxg3 32. Qxh6 Qxh6 33. h3 Ne7 34. Nf3 Ng6 35. Rgf1 Qh5 36. Rd2 Nh4 37. Nxh4 Qxh4 38. Rf3 Qh5 39. Kg1 Qg5 40. Kf1 Kc6 41. Ke1 Kb7 42. Kd1 Kc6 43. Kc2 Kb7 44. b3 Kc6 45. Rd1 Kb7 46. Rh1 Qh4 47. Rd1 Kc6 48. Rdf1 Kb7 49. Re1 Kc6 50. Rd1 Kb7 51. Rg1 Kc6 52. Rgf1 Kb7 53. Re1 Kc6 54. Rd1 Kb7 55. Rdf1 Kc6 56. Kd2 Kb7 57. Rb1 Qe7 58. Kc2 Kc6 59. Rh1 Qh4 60. Rhf1 1/2-1/2

[Event "Titled Tuesday intern op 28th Jan Early"]
[Site "Chess.com INT"]
[Date "2025.01.28"]
[Round "8"]
[White "Kollars, Dmitrij"]
[Black "Odegov, Artem"]
[Result "1/2-1/2"]
[WhiteElo "2642"]
[BlackElo "2258"]
[PlyCount "91"]
[EventDate "2025.01.28"]
[EventType "swiss (blitz)"]
[EventRounds "11"]
[EventCountry "USA"]
[SourceTitle "CB06_2025"]
[SourceDate "2025.02.05"]
[SourceVersion "1"]
[SourceVersionDate "2025.02.05"]
[SourceQuality "1"]

1. d4 Nf6 2. c4 g6 3. Nc3 Bg7 4. e4 d6 5. Be2 0-0 6. h3 Re8 7. Nf3 Nc6 8. Be3 e5 9. d5 Nd4 10. 0-0 Nxe2+ 11. Qxe2 Nh5 12. c5 Nf4 13. Qc4 a6 14. Rac1 Qf6 15. Bxf4 Qxf4 16. Ne2 Qf6 17. Rc3 Bd7 18. a4 Bf8 19. Rb3 Reb8 20. c6 bxc6 21. Rxb8 Rxb8 22. dxc6 Be6 23. Qxa6 Rxb2 24. Nc3 Rb3 25. Qa5 Bh6 26. Nd5 Bxd5 27. Qxd5 Rxf3 28. gxf3 Qg5+ 29. Kh1 Qh5 30. Kg2 Qg5+ 31. Kh2 Qf4+ 32. Kg1 Qg5+ 33. Kh1 Qh5 34. Kg1 Qxh3 35. Rb1 Bf4 36. Rb2 Bh2+ 37. Kh1 Bf4+ 38. Kg1 Kg7 39. a5 Bh2+ 40. Kh1 h5 41. a6 h4 42. a7 Bf4+ 43. Kg1 Bh2+ 44. Kh1 Bf4+ 45. Kg1 Bh2+ 46. Kh1 1/2-1/2